Statistics for Guess the phobia

Click here to take the quiz!

General Stats

  • This quiz has been taken 36 times
  • The average score is 5 of 11

Answer Stats

Fear of...Phobia% Correct
SpidersArachnophobia
86%
HeightsAcrophobia
82%
Enclosed spaces / having no escapeClaustrophobia
75%
Open spacesAgoraphobia
46%
Foreigners or outsidersXenophobia
43%
DogsCynophobia
36%
WomenGynophobia
36%
Computers/advanced technologyTechnophobia
36%
Public speakingGlossophobia
32%
VomitingEmetophobia
29%
The number 13Triskaidekaphobia
29%

Score Distribution

Percentile by Number Answered

Percent of People with Each Score

Your Score History

You have not taken this quiz